000 01358cam a2200181 4500
001 ##L133092
008 060410n 000 0 eng u
035 _a(Sirsi) u133092
041 0 _aeng
245 0 4 _aWestminster City Council v Foundation and Colonnade Management Limited
520 _a[2005] EWCA Civ 1607, 20 December 2005. Considered an appeal by the local authority against a decision that it was liable to contribute to the cost of repairing and maintaining a highway that was the subject of an agreement made pursuant to the Highways Act 1980 s38. Under the terms of the agreement, F's predecessor in title had covenanted to maintain the structure of the buildings it occupied, which were constructed on a raft above a railway platform. A service road had been constructed on the same raft as part of the development, and the agreement made provision for maintenance of that road, which was adopted by the local authority. "Held" : appeal dismissed.
590 _aIKA110406
650 2 4 _aWESTMINSTER CITY COUNCIL V FOUNDATION AND COLONNADE MANAGEMENT LIMITED
650 2 4 _aHIGHWAYS ACT 1980 S38
690 _aPROPERTY-INFRASTRUCTURE-ROAD INFRASTRUCTURE
856 4 0 _uhttps://www.bailii.org/cgi-bin/markup.cgi?doc=/ew/cases/EWCA/Civ/2005/1607.html&query=Fountain&method=all
_zView the website free of charge at www.bailii.org...
942 _n0
999 _c120477
_d120477